Влияние направления аксиального магнитного поля соленоида и полярности электродов в коаксиальном магнитоплазменном ускорителе на электроэрозионный износ поверхности ускорительного канала; Энергетика, электромеханика и энергоэффективные технологии глазами молодежи; Т. 1

গ্রন্থ-পঞ্জীর বিবরন
Parent link:Энергетика, электромеханика и энергоэффективные технологии глазами молодежи: сборник трудов Российской молодежной научной конференции, 3-4 декабря 2013 г., Томск/ Национальный исследовательский Томский политехнический университет (ТПУ).— , 2013
Т. 1.— 2013.— [С. 386-390]
প্রধান লেখক: Герасимов Д. Ю. Дмитрий Юрьевич
সংস্থা লেখক: Национальный исследовательский Томский политехнический университет (ТПУ) Энергетический институт (ЭНИН) Кафедра электроснабжения промышленных предприятий (ЭПП)
অন্যান্য লেখক: Сайгаш А. С. Анастасия Сергеевна
সংক্ষিপ্ত:Заглавие с титульного экрана
ভাষা:রুশ
প্রকাশিত: 2013
মালা:Эффективная энергетика
বিষয়গুলি:
অনলাইন ব্যবহার করুন:http://www.lib.tpu.ru/fulltext/c/2013/C50/V1/104.pdf
বিন্যাস: বৈদ্যুতিক গ্রন্থের অধ্যায়
KOHA link:https://koha.lib.tpu.ru/cgi-bin/koha/opac-detail.pl?biblionumber=604366

MARC

LEADER 00000naa2a2200000 4500
001 604366
005 20260206133530.0
035 |a (RuTPU)RU\TPU\conf\1638 
035 |a RU\TPU\conf\1635 
090 |a 604366 
100 |a 20140228d2013 k y0rusy50 ca 
101 0 |a rus 
102 |a RU 
135 |a drnn ---uucaa 
181 0 |a i  
182 0 |a b 
200 1 |a Влияние направления аксиального магнитного поля соленоида и полярности электродов в коаксиальном магнитоплазменном ускорителе на электроэрозионный износ поверхности ускорительного канала  |f Д. Ю. Герасимов, А. С. Сайгаш 
203 |a Текст  |c электронный 
225 1 |a Эффективная энергетика 
300 |a Заглавие с титульного экрана 
320 |a [Библиогр.: с. 390 (5 назв.)] 
337 |a Adobe Reader 
461 1 |0 (RuTPU)RU\TPU\conf\493  |t Энергетика, электромеханика и энергоэффективные технологии глазами молодежи  |o сборник трудов Российской молодежной научной конференции, 3-4 декабря 2013 г., Томск  |o в 2 т.  |f Национальный исследовательский Томский политехнический университет (ТПУ)  |d 2013 
463 1 |0 (RuTPU)RU\TPU\conf\494  |t Т. 1  |v [С. 386-390]  |d 2013 
610 1 |a труды учёных ТПУ 
610 1 |a электронный ресурс 
610 1 |a магнитоплазменный ускоритель 
610 1 |a соленоиды 
610 1 |a соленоидальное поле 
610 1 |a аксиальные магнитные поля 
610 1 |a ускорительные каналы 
610 1 |a электроэрозионный износ 
700 1 |a Герасимов  |b Д. Ю.  |c специалист в области электроэнергетики  |c доцент Томского политехнического университета, кандидат технических наук  |f 1980-  |g Дмитрий Юрьевич  |3 (RuTPU)RU\TPU\pers\26563  |9 12252 
701 1 |a Сайгаш  |b А. С.  |c специалист в области электроэнергетики  |c доцент Томского политехнического университета, кандидат технических наук  |f 1981-  |g Анастасия Сергеевна  |3 (RuTPU)RU\TPU\pers\27720  |9 12794 
712 0 2 |a Национальный исследовательский Томский политехнический университет (ТПУ)  |b Энергетический институт (ЭНИН)  |b Кафедра электроснабжения промышленных предприятий (ЭПП)  |3 (RuTPU)RU\TPU\col\18676 
801 2 |a RU  |b 63413507  |c 20140228  |g RCR 
856 4 |u http://www.lib.tpu.ru/fulltext/c/2013/C50/V1/104.pdf 
942 |c CF